000 00572cam a22002052 4500
001 0000020305
005 20151217152212.0
008 110912s xx 000 0 eng d
020 _a0070635307 :
040 _aKABU
_cKABU
100 1 _aSantrock, John W.
_@0000152988
245 1 0 _aPsychology. :
_bessentials.
250 _aUpdated 2nd ed.
260 _aNew Delhi :
_bTata McGraw-Hill,
_c2005.
300 _axviii, 547 p.
650 0 _aPsychology.
_@0000024981
852 1 _9p1860 KES
908 _a110912
950 _@1
999 _c9265
_d9265